Missing Word: UK Sitcoms Quiz Stats

 Plays Quiz Updated Sep 26, 2018

Challenge
Share
Tweet
Embed
Score 0/20 Timer 05:00
8 Plays Today
Title Answer % Correct
Fawlty ____Towers
95.2%
One ____ in the GraveFoot
94.9%
____ Up AppearancesKeeping
92.9%
Men ____ BadlyBehaving
92.5%
The Thin Blue ____Line
86.6%
____ FabulousAbsolutely
85.9%
Are You Being ____ ?Served
83.9%
Peep ____Show
80.4%
The ____ of DibleyVicar
79.7%
The Royle ____Family
78.5%
Title Answer % Correct
The ____ CrowdI.T.
78.5%
Only ____ And HorsesFools
77.1%
Last of the ____ WineSummer
76.6%
Steptoe and ____Son
76.6%
____ ArmyDad's
76%
Open All ____Hours
73.5%
The ____ of ItThick
66.7%
Yes ____Minister
66.5%
Some ____ Do 'Ave 'EmMothers
64.2%
Rising ____Damp
58.1%

Today's Daily Dose

Missing Word
Hayao Miyazaki

Word Ladder
Florida

On This Day
December 13th II

You're not logged in!

Compare scores with friends on all Sporcle quizzes.
OR
Log In

You Might Also Like...

Show Comments

Extras

Top Quizzes Today


Score Distribution

Your Account Isn't Verified!

In order to create a playlist on Sporcle, you need to verify the email address you used during registration. Go to your Sporcle Settings to finish the process.

Report this User

Report this user for behavior that violates our Community Guidelines.

Details: